[Event "Senta op"]
[Site "Senta"]
[Date "2007.02.04"]
[Round "7"]
[White "Aleksic, Zvonimir"]
[Black "Kovacs, Attila J"]
[Result "1-0"]
[WhiteElo "2104"]
[BlackElo "1798"]
[PlyCount "93"]
[EventDate "2007.01.19"]
[EventType "swiss"]
[EventRounds "9"]
[EventCountry "SRB"]
[SourceTitle "EXT 2022"]
[Source "ChessBase"]
[SourceDate "2021.10.06"]
[SourceVersion "1"]
[SourceVersionDate "2021.10.06"]
[SourceQuality "1"]

1. Nf3 d5 2. g3 c6 3. Bg2 g6 4. 0-0 Nf6 5. d3 Bg7 6. Nc3 0-0 7. Rb1 Na6 8. a3 Re8 9. Bd2 e5 10. e4 d4 11. Ne2 b6 12. Ne1 Bg4 13. h3 Bxe2 14. Qxe2 Rc8 15. h4 Qd7 16. Kh2 Ng4+ 17. Kg1 Nf6 18. f3 Nc7 19. Kh2 Rcd8 20. Bh3 Qe7 21. Ng2 Ne6 22. b4 c5 23. b5 Rb8 24. a4 Qd6 25. Rf2 Rb7 26. Rbf1 Qe7 27. Qd1 h6 28. Qc1 Kh7 29. Qb1 Ng8 30. Qd1 Nf6 31. f4 exf4 32. gxf4 Rf8 33. f5 Nd8 34. Kh1 Nh5 35. Rf3 Qd6 36. Be1 a6 37. Bg4 Nf6 38. Bg3 Qe7 39. Bh3 Nh5 40. Bh2 Bf6 41. Qe1 Bg7 42. a5 Qe8 43. Bg4 axb5 44. axb6 Qc6 45. fxg6+ fxg6 46. Rxf8 Bxf8 47. Rxf8 1-0